| 000 | 00502nam a2200205Ia 4500 | ||
|---|---|---|---|
| 003 | OSt | ||
| 005 | 20140326093942.0 | ||
| 008 | 140130s9999 xx 000 0 und d | ||
| 020 | _a0717285928 | ||
| 050 |
_aBJ 1631 _b.B437 2005 |
||
| 100 | _aBerry, Joy | ||
| 245 |
_cJoy Berry _aA book about being rude / |
||
| 260 |
_bScholastic, _c2005. _aNew York : |
||
| 300 |
_a1 v. (unpaged) : _bcol. ill. ; _c19 cm. |
||
| 440 | _v1 | ||
| 521 | _aG2 | ||
| 526 | _c380 | ||
| 942 |
_cBK _2lcc |
||
| 999 |
_c41968 _d41968 |
||